I Congreso Obrero Español (Record no. 46634)

MARC details
000 -LEADER
campo de control de longitud fija 00579nam a2200169 i 4500
001 - NÚMERO DE CONTROL
campo de control 46634
003 - IDENTIFICADOR DE NÚMERO DE CONTROL
campo de control ES-MaACL
005 - FECHA Y HORA DE LA ÚLTIMA TRANSACCIÓN
campo de control 20230906161424.0
007 - CAMPO FIJO DE DESCRIPCIÓN FÍSICA--INFORMACIÓN GENERAL
campo de control de longitud fija t|
008 - DATOS DE LONGITUD FIJA--INFORMACIÓN GENERAL
campo de control de longitud fija 030331s1972 sp ||||1| spa d
111 2# - ENTRADA PRINCIPAL--NOMBRE DE CONGRESO/REUNIÓN
Nombre de congreso/reunión o jurisdicción como elemento de entrada Congreso Obrero Español (
Número del congreso/reunión o número de parte o sección 1º.
Fecha del congreso o de la firma del tratado 1870.
Sede del congreso/Lugar de la reunión Barcelona)
9 (RLIN) 568
245 10 - MENCIÓN DEL TÍTULO
Título I Congreso Obrero Español
Resto del título : Barcelona, junio, 1870 /
Mención de responsabilidad, etc. estudio preliminar y notas de Víctor Manuel Arbeola.
260 ## - PUBLICACIÓN, DISTRIBUCIÓN, ETC.
Lugar de publicación, distribución, etc. [Madrid :
Nombre del editor, distribuidor, etc. s.n.,
Fecha de publicación, distribución, etc. 1972] (
Fabricante Imp. Eosgraf)
300 ## - DESCRIPCIÓN FÍSICA
Extensión 374 p. ;
Dimensiones 20 cm.
700 1# - ENTRADA AGREGADA--NOMBRE PERSONAL
Nombre de persona Arbeola, Víctor Manuel.
9 (RLIN) 22391
852 ## - LOCALIZACIÓN
Ubicación ES-MaACL
Número de control de estantería C-49453
Sublocalización o colección R.84085
Holdings
Estatus retirado Estado de pérdida Estado de daño No para préstamo Biblioteca de origen Biblioteca actual Ubicación en estantería Fecha de adquisición Fuente de adquisición Total de préstamos Signatura topográfica completa Código de barras Visto por última vez Precio de reemplazo Tipo de ítem Koha
        Biblioteca del Ateneo de Madrid Biblioteca del Ateneo de Madrid Depósito 2 17/01/2008     C-49453 1049049 23/02/2023 23/02/2023 Libro impreso